000 01352nam a2200349 a 4500
001 ELB95750
003 FlNmELB
006 m o d |
007 cr cn|||||||||
008 201201r2006 ck |||||s|||||||||||spa d
024 8 _z31209060910
035 _a(MiAaPQ)EBC3202200
035 _a(Au-PeEL)EBL3202200
035 _a(CaPaEBR)ebr10609176
035 _a(OCoLC)929378637
040 _aFlNmELB
_bspa
_cFlNmELB
050 4 _aHB71
_bC691 2006
080 _a330
082 0 4 _a330
_222
100 1 _aColectivo de autores.
245 1 0 _aCompilación y descripción de las tipologías producidas por la unidad de información y análisis financiero
_h[recurso electronico]
_cColectivo de autores.
260 _aBogotá :
_bUnidad de Información y Análisis Financiero,
_c2006.
300 _a16 p.
533 _aRecurso electrónico. Santa Fe, Arg.: e-libro, 2015. Disponible vía World Wide Web. El acceso puede estar limitado para las bibliotecas afiliadas a e-libro.
650 4 _aBusiness and Economics.
_xMoney and monetary policy.
650 4 _aNegocios y economía.
_xDinero y política monetaria.
650 4 _aTrue crime.
_xhoaxes and deceptions.
650 4 _aCrimen real.
_xEngaños y decepciones.
655 4 _aLibros electrónicos.
710 2 _ae-libro, Corp.
856 4 0 _uhttps://elibro.net/ereader/usam/95750
999 _c138108
_d138108